Dwellings in rural areas: The effect of the plan-led system on rural housing. (Record no. 100135)

MARC details
000 -LEADER
fixed length control field 00845cam a2200229 4500
008 - FIXED-LENGTH DATA ELEMENTS--GENERAL INFORMATION
fixed length control field 000000n1999 000 0 eng u
020 ## - INTERNATIONAL STANDARD BOOK NUMBER
International Standard Book Number 1899769137
035 ## - SYSTEM CONTROL NUMBER
System control number (Sirsi) u103496
050 ## - LIBRARY OF CONGRESS CALL NUMBER
Classification number 306.9
100 ## - MAIN ENTRY--PERSONAL NAME
Personal name McGill, Greg
245 ## - TITLE STATEMENT
Title Dwellings in rural areas: The effect of the plan-led system on rural housing.
260 ## - PUBLICATION, DISTRIBUTION, ETC.
Place of publication, distribution, etc. Reading
Name of publisher, distributor, etc. College of Estate Management
Date of publication, distribution, etc. 1999
300 ## - PHYSICAL DESCRIPTION
Extent ix, 71p. ; 30cm.
350 ## - PRICE (NR) (BK AM CF MU VM SE) [OBSOLETE]
Price 35.00
520 ## - SUMMARY, ETC.
Summary, etc. This study looks at the effects the introduction of the plan-led system has had on rural housing. It examines the decisions on all housing applications of a small sample of rural planning authorities and reports the findings.
650 ## - SUBJECT ADDED ENTRY--TOPICAL TERM
Topical term or geographic name entry element RURAL HOUSING
650 ## - SUBJECT ADDED ENTRY--TOPICAL TERM
Topical term or geographic name entry element RURAL COMMUNITIES
650 ## - SUBJECT ADDED ENTRY--TOPICAL TERM
Topical term or geographic name entry element PLANNING
650 ## - SUBJECT ADDED ENTRY--TOPICAL TERM
Topical term or geographic name entry element HOUSING DEMAND
690 ## - LOCAL SUBJECT ADDED ENTRY--TOPICAL TERM (OCLC, RLIN)
Topical term or geographic name as entry element HOUSING-DEVELOPMENT
942 ## - ADDED ENTRY ELEMENTS (KOHA)
Suppress in OPAC 0
Holdings
Withdrawn status Lost status Source of classification or shelving scheme Damaged status Not for loan Home library Current library Shelving location Date acquired Cost, normal purchase price Total Checkouts Full call number Barcode Date last seen Date last checked out Copy number Cost, replacement price Price effective from Koha item type
    Dewey Decimal Classification     London London Folio 28/02/2000 29.75 4 F306.9 MCG 30060714 06/08/2019 12/02/2007 1 29.75 06/08/2019 Book